Statistics for Aircraft Manufacturers by Aircraft Types

Click here to take the quiz!

General Stats

  • This quiz has been taken 53 times
  • The average score is 9 of 16

Answer Stats

AircraftManufacturer% Correct
A320 - A380 - A400MAirbus
100%
737 - 787 - B-52 StratofortressBoeing
100%
C-130 Hercules - P-38 Lightning - F-104 StarfighterLockheed
79%
340 - 2000 - JAS39 GripenSaab
62%
172 Skyhawk - 208 Caravan - SkymasterCessna
60%
Mirage - Falcon - RafaleDassault
55%
DC-3 - C-124 Globemaster - A-4 SkyhawkDouglas
53%
UH-1 Iroquois - V-22 Osprey - 206 JetRangerBell
47%
Hurricane - Typhoon - HunterHawker
45%
CH-53 Sea Stallion - H-3 Sea King - UH-60 Black HawkSikorsky
43%
King Air - Baron - BonanzaBeechcraft
40%
B-2 Spirit - F-5 Freedom Fighter - P-61 Black WidowNorthrop
40%
F-14 Tomcat - A-6 Intruder - TBF AvengerGrumman
38%
F-4 Phantom II - F/A-18 Hornet - F-15 EagleMcDonnell Douglas
32%
P-51 Mustang - F-86 Sabre - OV-10 BroncoNorth American
32%
A-10 Warthog - C-123 Provider - C-119 Flying BoxcarFairchild
28%

Score Distribution

Percentile by Number Answered

Percent of People with Each Score

Your Score History

You have not taken this quiz